Algebraic eigenvalue problem
Αποθηκεύτηκε σε:
| Κύριος συγγραφέας: | |
|---|---|
| Μορφή: | Βιβλίο |
| Γλώσσα: | English |
| Δημοσίευση: |
Oxford : Oxford ; New York :
Clarendon Press ; , Oxford University Press,
1996
|
| Έκδοση: | 1st ed., Repr. |
| Σειρά: | Numerical mathematics and scientific computation
|
| Θέματα: | |
| Ετικέτες: |
Προσθήκη ετικέτας
Δεν υπάρχουν, Καταχωρήστε ετικέτα πρώτοι!
|
MARC
| LEADER | 00000nam a2200000 i 4500 | ||
|---|---|---|---|
| 001 | 1/74770 | ||
| 008 | 990520s19881996 eng d | ||
| 020 | |a 0-19-853418-3 | ||
| 035 | |l 10049163 | ||
| 040 | |a GR-MY-UA |b gre |e aacr | ||
| 041 | 0 | |a eng | |
| 082 | 0 | |a 512.94 | |
| 100 | 1 | |a Wilkinson, James Hardy. | |
| 245 | 1 | 0 | |a Algebraic eigenvalue problem / |c by J.H. Wilkinson |
| 250 | |a 1st ed., Repr. | ||
| 260 | |a Oxford : |a Oxford ; New York : |b Clarendon Press ; , |b Oxford University Press, |c 1996 | ||
| 300 | |a xviii, 662 p.; |b ill.; |c 24 cm. | ||
| 490 | 1 | |a Numerical mathematics and scientific computation | |
| 500 | |a Includes bibliographical references and index | ||
| 650 | 0 | 0 | |a Equations |x Numerical solutions. |
| 650 | 0 | 0 | |a Matrices. |
| 650 | 0 | 0 | |a Algebras, Linear. |
| 830 | 0 | |a Numerical mathematics and scientific computation | |
| 852 | |a INST |b SAMOS |e 19990520 |h 512.94 WIL |p 005300012719 |q 005300012719 |t BK |y 0 | ||
| 901 | |a BIBL3-1999-2 | ||
| 909 | |a Σ |b 063955 | ||
| 922 | |a 3ΕΛΗ |b 199901 |c ΚΠΣ |d GLORY | ||
| 950 | |a 116-1998-08-10 | ||